Merleau-Ponty /

Guardat en:
Dades bibliogràfiques
Autor principal: Robinet, André
Format: Desconegut
Publicat: París, Francia : Presses Universitaires de France, 1970.
Edició:2. edición
Col·lecció:(Colección Philosophes)
Matèries:
Etiquetes: Afegir etiqueta
Sense etiquetes, Sigues el primer a etiquetar aquest registre!

MARC

LEADER 000000000a22000000004500
001 002165
082 0 4 |a 194.9D   |b M564r2 
100 1 |a Robinet, André 
245 1 0 |a Merleau-Ponty /   |c André Robinet. 
250 |a 2. edición 
260 1 |a París, Francia :   |b Presses Universitaires de France,   |c 1970. 
300 |a 124 páginas 
490 1 |a (Colección Philosophes) 
650 4 |a MERLEAU PONTY, MAURICE, 1908-1961 
650 4 |a FILOSOFIA FRANCESA 
999 |c 8747  |d 8747 
942 |c BK  |h 194.9D M564r2  |2 z